Statistics for Biggest Countries in 1700

Click here to take the quiz!

General Stats

  • This quiz has been taken 185 times
  • The average score is 11 of 15

Answer Stats

PopulationCountry of 1700% Correct
21 000 000Domains of the French Crown
97%
210 715 000Qing (Manchu) Dynasty
97%
?British Empire
93%
55 000 000Spanish Empire
89%
14 000 000Tsardom of Russia
89%
28 000 000Tokugawa shogunate
85%
24 779 000Ottoman Empire
81%
2 300 000Portuguese Empire
79%
5 300 000Habsburg Monarchy (Austria-Hungary )
68%
1 794 000Dutch Republic
64%
16 000 000The Holy Roman Empire
62%
9 000 000Polish - Lithuanian Commonwealth
61%
145 000 000Mughal empire
55%
5 500 000Joseon
52%
2 000 000Duchy of Prussia
42%

Score Distribution

Percentile by Number Answered

Percent of People with Each Score

Your Score History

You have not taken this quiz